| 000 | 00855cam a2200241Ia 4500 | ||
|---|---|---|---|
| 020 | _a9789211262230 | ||
| 020 | _a9211262232 | ||
| 040 | _cIWA | ||
| 082 | _a333 REN 2008 A076 Or. | ||
| 245 | 0 | 0 |
_aCross-border energy trade and its impact on the poor : _bsynthesis report |
| 246 | 3 | _aCross border energy trade & its impact on the poor | |
| 260 |
_aBangkok, Thailand : _bRegional Energy Programme for Poverty Reduction (REP-PoR), UNDP Regional Centre in Bangkok, Thailand, _cc2008 |
||
| 300 |
_avii, 103 p. : _bcol. ill. ; _c28 cm |
||
| 500 | _a"Sales #:E.08.III.B.18"--T.p. verso | ||
| 650 | 0 | _aPower resources | |
| 650 | 0 | _aPower resources | |
| 650 | 0 | _aEnergy policy | |
| 650 | 0 | _aEnergy policy | |
| 650 | 0 | _aEconomic development | |
| 650 | 0 | _aEconomic development | |
| 710 | 2 | _aRegional Energy Programme for Poverty Reduction | |
| 942 | _cEK | ||
| 999 |
_c15242 _d15242 |
||